E-learning standards: A guide to purchasing, and deploying standards-conformant e-learning
Zapisane w:
| 1. autor: | |
|---|---|
| Format: | Książka |
| Język: | Undetermined |
| Wydane: |
Boca Raton, FL
CRC Press
2003
|
| Hasła przedmiotowe: | |
| Etykiety: |
Dodaj etykietę
Nie ma etykietki, Dołącz pierwszą etykiete!
|
| Thư viện lưu trữ: | Trung tâm Học liệu Trường Đại học Cần Thơ |
|---|
| LEADER | 00557nam a2200193Ia 4500 | ||
|---|---|---|---|
| 001 | CTU_58098 | ||
| 008 | 210402s9999 xx 000 0 und d | ||
| 082 | |a 371.33 | ||
| 082 | |b F196 | ||
| 100 | |a Carol Fallon | ||
| 245 | 0 | |a E-learning standards: A guide to purchasing, and deploying standards-conformant e-learning | |
| 245 | 0 | |c Carol Fallon | |
| 260 | |a Boca Raton, FL | ||
| 260 | |b CRC Press | ||
| 260 | |c 2003 | ||
| 650 | |a educational technology | ||
| 650 | |x standards | ||
| 904 | |i Minh | ||
| 980 | |a Trung tâm Học liệu Trường Đại học Cần Thơ | ||